| 000 | 00602nam a2200193Ia 4500 | ||
|---|---|---|---|
| 008 | 151121s9999||||xx |||||||||||||| ||und|| | ||
| 082 | _a813-/चितळे | ||
| 082 | _bHNW-26752 | ||
| 100 | _aचितळे बाळ | ||
| 245 | _aवैमानिक गूढकथा | ||
| 260 | _b"टिळक ज।श्री।, पुणे।" | ||
| 260 | _c-- | ||
| 300 | _a157 | ||
| 600 | _aचितळे बाळ | ||
| 630 | _aवैमानिक गूढकथा | ||
| 700 | _aचितळे बाळ | ||
| 730 | _aवैमानिक गूढकथा | ||
| 942 | _cBOOK | ||
| 999 |
_c1223219 _d1223216 |
||